| 000 | 01631nam0a22003131 4500 | ||
|---|---|---|---|
| 001 | v19\rc\1583618 | ||
| 005 | 20260406115259.0 | ||
| 035 | _a(NLR Aleph) 005228456 | ||
| 090 |
_a5579504 _c5579504 |
||
| 100 | _a20061002e190 |||y0rusy50 ca | ||
| 101 | 0 | _arus | |
| 102 | _aRU | ||
| 105 | _ay z ||||| | ||
| 200 | 1 |
_aПевец декаданса _e[А.П. Чехов] |
|
| 210 |
_aСанкт-Петербург _cтип. т-ва "Обществ. польза" _d[190-?] |
||
| 215 |
_a16 с. _d21 |
||
| 300 | _aВышло так же как вып. 4 Б-ки театра и искусства 1900 г. за подписью Д. Ж-ий | ||
| 309 | _aБез тит. л. и обл. | ||
| 311 | _aПерепеч. из газ. "С.-Петерб. вед." 1900, № 34 статьи за подписью: Декадент [псевд.]; авт. установлен по изд.: Масанов И.Ф. Словарь псевдонимов... М., 1956. Т. 1. С. 337 | ||
| 488 | 0 |
_12001#$aСанкт-Петербургские ведомости$v1900, № 34 _tСанкт-Петербургские ведомости |
|
| 700 | 1 |
_7ca _8rus _aЖуковский _bД. Н. _cжурналист _f19 в. _gДмитрий Николаевич _970252 _3RU\NLR\AUTH\7787324 |
|
| 702 | 1 |
_4570 _7ca _8rus _aЧехов _bА. П. _cписатель _f1860-1904 _gАнтон Павлович _9110414 _3RU\NLR\AUTH\77359 |
|
| 801 | 0 |
_aRU _bNLR _c20061002 _gpsbo |
|
| 801 | 0 |
_aRU _bRuMoRGB _c20061002 _2psbo |
|
| 801 | 1 |
_aRU _bProSoft-M _c20061002 _2rusmarc |
|
| 801 | 2 |
_aRU _bNLR _c20100329 _2rusmarc |
|
| 852 |
_aNLR _j34.85.6.120 |
||
| 942 | _cBOOK | ||
| 980 | _aNB | ||